000
00315nam a22001457a 4500
008
231025b ||||| |||| 00| 0 eng d
020
_a
9780198249085
041
_a
eng
080
_a
159.9
082
_a
159.9PAR
100
_a
25
101
_a
PSI
245
_a
REASONS AND PERSONS
_c
PARFIT .D
942
_2
udc
_c
BK
999
_c
60465
_d
60465